UBT Library

The Western Balkans : (Record no. 1104)

000 -LEADER
fixed length control field 00603nam a22001817a 4500
008 - FIXED-LENGTH DATA ELEMENTS--GENERAL INFORMATION
fixed length control field 150709b xxu||||| |||| 00| 0 eng d
020 ## - INTERNATIONAL STANDARD BOOK NUMBER
International Standard Book Number 9789637038372
041 0# - LANGUAGE CODE
Language code of text/sound track or separate title eng
080 ## - UNIVERSAL DECIMAL CLASSIFICATION NUMBER
Universal Decimal Classification number 323
245 ## - TITLE STATEMENT
Title The Western Balkans :
Statement of responsibility, etc Zsuzsa M. Csaszar; Szabolcs Hary; Janos Hovari; et. al.
260 ## -
-- Budapest:
-- Head of the EU Presidency Communications Department, Ministry of Foreign Affairs ;
-- 2011.
300 ## -
-- 318 f. :
-- me il. ;
-- 23 cm.
500 ## -
-- Preface : f. 7-11
650 #0 -
-- Politika
650 #0 -
-- Historia
650 #0 -
-- Ballkani
942 ## - ADDED ENTRY ELEMENTS (KOHA)
Source of classification or shelving scheme
Item type Books
Holdings
Withdrawn status Lost status Source of classification or shelving scheme Damaged status Not for loan Collection code Permanent location Current location Shelving location Date acquired Total Checkouts Full call number Date last seen Price effective from Koha item type
          Koleksioni i përgjithshem UBT - Prishtine UBT - Prishtine Koleksioni i përgjithshem 07/09/2015   323 CSA 07/09/2015 07/09/2015 Books
UBT Library © 2015-2024. All rights reserved University Education for Business and Technology